000 00422nam a2200181Ia 4500
001 19364
005 20260306172647.0
008 260306t1998||||xx |||||||||||||| ||spa||
041 _aESP
082 _a658.84
_bC99
100 _aCzinkota, Michael R.
_eAUT
245 0 _aInternational marketing
260 _c1998
300 _a846 páginas :
_c24 cm.
650 _aGEN
654 _aCAN
942 _cLIB
_dJUS
_fJUS
_2ddc
_n
999 _c19364
_d19364